000 00560nam a2200229Ia 4500
008 210210b2008 xxu||||| |||| 00| 0 eng d
020 _a8186651438
041 _aeng
082 _a350.02 CHAD
100 _aCHAUDHRY (Neera)
245 _aDGP question bank: public administration
260 _aND
_bDhillon Group of Publication
_c2008
300 _a735
650 _aquestion
650 _apublic
650 _aDGP
650 _abank:
650 _aadministration
690 _aPublic Administration
700 _aNAYAK (P K)
906 _aSG05016
999 _c131182
_d131182